| 000 | 01004cam a2200289 4500 | ||
|---|---|---|---|
| 001 | 20038 | ||
| 003 | BD-RjUL | ||
| 005 | 20211209000519.0 | ||
| 008 | 140226s1975 enk b 000 0 eng | ||
| 020 | _a0874715458 087471544X (pbk.) | ||
| 035 | _a(BD-RjUL)20100 | ||
| 040 |
_aDLC _cDLC _dDLC _beng |
||
| 041 | _aeng | ||
| 082 | 0 | 0 | _a829 |
| 245 | 1 | 0 |
_aAnglo-Saxon prose. _cEdited and translated by Michael Swanton. |
| 260 |
_aLondon ; _bDent; _aTotowa, N.J. : _bRowman and Littlefield, _c1975. |
||
| 300 |
_axxvi, 188 p. ; _c20 cm. |
||
| 490 | 0 | _aRowman and Littlefield university library | |
| 504 | _aBibliography: p. xxv-xxvi. | ||
| 650 | 0 |
_aEnglish prose literature _yOld English, ca. 450-1100 _xModernized versions. _961661 |
|
| 650 | 0 |
_aAnglo-Saxons _xLiterary collections. _961662 |
|
| 650 | 0 |
_aMiddle Ages _xLiterary collections. _961537 |
|
| 651 | 0 |
_aGreat Britain _xHistory _yAnglo-Saxon period, 449-1066 _xSources. _960939 |
|
| 942 |
_2ddc _cBK |
||
| 999 |
_c20038 _d20038 |
||